000 00353cam a22001097a 4500
008 180718b1965 xxu||||| |||| 00| 0 eng d
082 _aPx5421 Ut8
245 _aMemorandum to the education committion
_cby Education Department
260 _aAllahabad
_bSuprintendent, Printing and Stationery
_c1965
300 _a37p.
700 _aIndia. Education Department
999 _c494349
_d494349